| 000 | 00508cam a2200193ua 4500 | ||
|---|---|---|---|
| 001 | 237 | ||
| 008 | 110325n ii |||gr||||Z||||||eng | ||
| 020 | _a0-07-45157-1 | ||
| 040 | _cMAIN | ||
| 082 | _a304.6 | ||
| 245 |
_aIndia`s population problems. _cBy S.N Agarwala. |
||
| 250 |
_a3rd. / _bRevised by U P Sinha. |
||
| 260 |
_a[s.l]: _bTata mcgraw hill.,986. |
||
| 300 | _axii, 244 p.:5 cm. | ||
| 653 | _aSociology. | ||
| 653 | _aPopulation problems. | ||
| 700 | 1 |
_aAgarwala, S.N., _d1920-1976, |
|
| 942 | _cBK | ||
| 999 |
_c203 _d203 |
||